Statistics for Top 10 NBA Scorers Per Decade

Click here to take the quiz!

General Stats

  • This quiz has been taken 1,259 times
    (792 since last reset)
  • The average score is 42 of 80

Answer Stats

DecadePlayerPTS% Correct
2010sLeBron James19 550
99%
1990sMichael Jordan18 014
95%
2010sStephen Curry16 315
94%
2000sKobe Bryant21 065
93%
2010sKevin Durant19 445
91%
1960sJerry West16 835
90%
2020sLuka Dončić7 574
90%
2010sJames Harden18 627
89%
2020sNikola Jokić7 048
87%
1960sWilt Chamberlain27 098
86%
2020sGiannis Antetokounmpo7 535
85%
1970sKareem Abdul-Jabbar22 141
85%
1980sKareem Abdul-Jabbar16 246
85%
1990sKarl Malone21 370
85%
1980sMoses Malone19 082
84%
2010sRussell Westbrook17 603
84%
2020sJoel Embiid6 885
83%
1980sLarry Bird17 899
83%
2000sTim Duncan16 431
81%
2010sDwyane Wade13 243
77%
2020sJayson Tatum7 510
77%
1990sHakeem Olajuwon16 484
76%
2000sAllen Iverson19 154
75%
2000sDirk Nowitzki18 699
74%
1990sScottie Pippen14 040
72%
1990sDavid Robinson16 715
70%
2000sKevin Garnett16 638
70%
2010sCarmelo Anthony14 783
67%
1990sCharles Barkley14 852
66%
1950sBob Cousy11 944
65%
2020sDevin Booker6 868
65%
2020sTrae Young7 441
64%
2000sPaul Pierce17 812
62%
1960sOscar Robertson20 261
61%
1950sBob Pettit8 894
60%
1960sBob Pettit11 986
60%
1990sPatrick Ewing16 914
60%
2000sTracy McGrady16 380
60%
1960sElgin Baylor19 983
59%
2000sRay Allen16 101
57%
2020sDeMar DeRozan6 754
56%
2010sDeMar DeRozan14 931
56%
1970sJohn Havlicek15 747
54%
2000sVince Carter17 341
54%
1950sGeorge Mikan8 458
53%
2020sDonovan Mitchell6 711
51%
1980sMike Mitchell14 161
51%
1980sDominique Wilkins14 557
49%
1990sReggie Miller16 319
48%
1980sAlex English21 018
45%
1980sGeorge Gervin14 216
45%
1970sElvin Hayes18 922
44%
2010sBlake Griffin13 200
43%
1970sBob McAdoo14 405
42%
2020sZach LaVine6 669
38%
1960sSam Jones14 390
35%
1970sPete Maravich15 359
33%
1950sDolph Schayes13 298
31%
2010sLaMarcus Aldridge15 213
31%
1980sAdrian Dantley18 157
28%
1950sPaul Arizin11 122
26%
1960sHal Greer16 390
23%
1970sBob Lanier14 686
18%
1990sMitch Richmond16 613
18%
1970sGail Goodrich14 692
14%
1990sGlen Rice15 371
14%
1950sBill Sharman10 319
13%
1960sWalt Bellamy15 086
13%
1980sMark Aguirre14 488
12%
1950sNeil Johnston10 023
10%
2000sAntawn Jamison15 434
9%
1950sEd Macauley11 234
7%
1970sLou Hudson14 125
7%
1950sVern Mikkelsen10 063
7%
1960sBailey Howell15 859
5%
1970sBob Dandridge14 465
5%
1980sReggie Theus14 729
5%
1970sCalvin Murphy13 692
4%
1960sDick Barnett11 687
2%
1950sLarry Foust9 216
2%

Score Distribution

Percentile by Number Answered

Percent of People with Each Score

Your Score History

You have not taken this quiz since the last reset